| 000 | 00574nam a2200133Ia 4500 | ||
|---|---|---|---|
| 008 | 171212s9999 xx 000 0 und d | ||
| 020 | _a9781921666667 | ||
| 100 | _aCompiled, ;Rickard, Mike;Caton, Judith | ||
| 245 |
_cCompiled, ;Rickard, Mike;Caton, Judith _aGeology at ANU (1959-2009) _bFifty years of history and reminiscences |
||
| 260 |
_bANU E Press _c2010 |
||
| 650 | _aAustralian National University. Dept. of Geology -- History; Australian National University. Dept. of Geology -- Anecdotes | ||
| 650 | _aGeology | ||
| 856 | _uwww.jstor.org/stable/10.2307/j.ctt24h8dq | ||
| 999 |
_c351129 _d351129 |
||